[Event "Pune Rapid op 12th"]
[Site "Pune"]
[Date "2024.05.23"]
[Round "4"]
[White "Arpith, S Bijoy"]
[Black "Agnivo, Chakraborty"]
[Result "1/2-1/2"]
[WhiteElo "2141"]
[BlackElo "1754"]
[PlyCount "122"]
[EventDate "2024.05.23"]
[EventType "swiss (rapid)"]
[EventRounds "9"]
[EventCountry "IND"]
[SourceTitle "CB22_2024"]
[SourceDate "2024.05.29"]
[SourceVersion "1"]
[SourceVersionDate "2024.05.29"]
[SourceQuality "1"]

1. b3 Nf6 2. Bb2 e6 3. e3 c5 4. f4 b6 5. Nf3 Bb7 6. Be2 Be7 7. 0-0 0-0 8. Qe1 Nc6 9. Ne5 d6 10. Nxc6 Bxc6 11. Nc3 Ne4 12. Bf3 f5 13. Nxe4 Bxe4 14. Bxe4 fxe4 15. Rd1 Bf6 16. Bc1 d5 17. Qe2 Qd7 18. d3 exd3 19. Qxd3 Rad8 20. e4 Qf7 21. e5 Be7 22. Be3 Qg6 23. Qxg6 hxg6 24. g3 Kf7 25. Kg2 d4 26. Bg1 Rd5 27. Kf3 Rfd8 28. Ke4 b5 29. h4 R8d7 30. Rd3 Bd8 31. b4 Bb6 32. bxc5 Bxc5 33. Rfd1 Rc7 34. Bxd4 Bxd4 35. Rxd4 Rxd4+ 36. Rxd4 Rxc2 37. Rd7+ Kf8 38. Rxa7 Rc3 39. g4 Rc4+ 40. Ke3 Rc3+ 41. Ke2 Rc4 42. Ra3 g5 43. hxg5 Rxf4 44. Rf3 Rxf3 45. Kxf3 Kf7 46. Ke3 Kg6 47. Kd4 Kxg5 48. Kc5 Kxg4 49. Kxb5 Kf5 50. a4 g5 51. a5 g4 52. a6 g3 53. a7 g2 54. a8Q g1Q 55. Qf8+ Kxe5 56. Qb8+ Kf5 57. Qf8+ Ke4 58. Qa8+ Kd3 59. Qa3+ Ke4 60. Qa8+ Kf4 61. Qf8+ Ke5 1/2-1/2

[Event "Pune op 10th"]
[Site "Pune"]
[Date "2024.05.22"]
[Round "9"]
[White "Avirat, Chauhan"]
[Black "Arpith, S Bijoy"]
[Result "1-0"]
[WhiteElo "1761"]
[BlackElo "2006"]
[PlyCount "123"]
[EventDate "2024.05.18"]
[EventType "swiss"]
[EventRounds "9"]
[EventCountry "IND"]
[SourceTitle "CB22_2024"]
[SourceDate "2024.05.29"]
[SourceVersion "1"]
[SourceVersionDate "2024.05.29"]
[SourceQuality "1"]

1. e4 c6 2. d4 d5 3. Nc3 dxe4 4. Nxe4 Nf6 5. Nxf6+ gxf6 6. c3 Bf5 7. Ne2 e5 8. Ng3 Be6 9. Bd3 Nd7 10. 0-0 Qc7 11. f4 Nb6 12. fxe5 fxe5 13. Bg5 Be7 14. Bxe7 Qxe7 15. Nf5 Qf8 16. Qe1 0-0-0 17. Qe2 e4 18. Qxe4 Rg8 19. Qe5 Rd7 20. Rae1 Rd5 21. Ng3 Qg7 22. Qf6 Ra5 23. Qxg7 Rxg7 24. Nf5 Bxf5 25. Bxf5+ Kd8 26. a3 Nc4 27. Re2 Nd6 28. Bd3 Rag5 29. g3 Rxg3+ 30. hxg3 Rxg3+ 31. Kf2 Rxd3 32. Rh1 Kc7 33. Rxh7 Kb6 34. Rh6 Kc7 35. Rf6 Kd7 36. Ke1 Rh3 37. Kd1 a5 38. a4 Rh1+ 39. Kc2 Rh5 40. Kb3 Rh3 41. Ref2 Rh7 42. Re2 Rh3 43. Kc2 Rh4 44. b3 b6 45. Rf3 f5 46. Kd3 c5 47. d5 Rh5 48. c4 Rh4 49. Re6 Re4 50. Re3 Rd4+ 51. Kc2 f4 52. Rh3 Nf5 53. Rh7+ Kd8 54. Rg6 Ne3+ 55. Kb2 Rd2+ 56. Kc3 Rg2 57. Rxg2 Nxg2 58. Rh3 Ke7 59. Kd3 f3 60. Rxf3 Ne1+ 61. Ke4 Nxf3 62. Kxf3 1-0

[Event "Pune op 10th"]
[Site "Pune"]
[Date "2024.05.20"]
[Round "6"]
[White "Arpith, S Bijoy"]
[Black "Sherla, Prathamesh"]
[Result "1/2-1/2"]
[WhiteElo "2006"]
[BlackElo "1858"]
[PlyCount "90"]
[EventDate "2024.05.18"]
[EventType "swiss"]
[EventRounds "9"]
[EventCountry "IND"]
[SourceTitle "CB22_2024"]
[SourceDate "2024.05.29"]
[SourceVersion "1"]
[SourceVersionDate "2024.05.29"]
[SourceQuality "1"]

1. b3 c5 2. Bb2 Nc6 3. e3 e5 4. c4 g6 5. Nc3 Bg7 6. g3 Nge7 7. h4 h6 8. h5 g5 9. f4 gxf4 10. gxf4 d6 11. Qf3 Be6 12. Bh3 f5 13. 0-0-0 Qd7 14. Nge2 0-0-0 15. d4 exd4 16. exd4 Bxd4 17. Rhe1 d5 18. Na4 Bxb2+ 19. Kxb2 b6 20. Nac3 d4 21. Nb5 a6 22. Na3 Qd6 23. Nc1 Bd7 24. Bg2 Ng8 25. Nd3 Nf6 26. Nb1 Rhg8 27. Ne5 Ne4 28. Nd2 Nxe5 29. fxe5 Qxe5 30. Nxe4 fxe4 31. Rxe4 Qf5 32. Qe2 Rxg2 33. Qxg2 Bc6 34. Rde1 Bxe4 35. Rxe4 d3 36. Re1 Qf6+ 37. Ka3 Kb8 38. Rf1 Qd6 39. Rf7 Rd7 40. Qg8+ Kb7 41. Qg6 Kc7 42. Rf6 Qxf6 43. Qxf6 d2 44. Qf4+ Rd6 45. Qf7+ Rd7 1/2-1/2

[Event "Udaipur Holi Cup 6th"]
[Site "Udaipur"]
[Date "2024.03.31"]
[Round "1"]
[White "Arpith, S Bijoy"]
[Black "Gaurang, Bhandari"]
[Result "1-0"]
[WhiteElo "2020"]
[BlackElo "1571"]
[PlyCount "53"]
[EventDate "2024.03.31"]
[EventType "swiss"]
[EventRounds "9"]
[EventCountry "IND"]
[SourceTitle "CB16_2024"]
[SourceDate "2024.04.17"]
[SourceVersion "1"]
[SourceVersionDate "2024.04.17"]
[SourceQuality "1"]

1. Nf3 g6 2. g3 Bg7 3. Bg2 Nf6 4. c4 d6 5. Nc3 0-0 6. d3 c5 7. 0-0 Nc6 8. Rb1 Bd7 9. a3 a5 10. Re1 Rb8 11. e4 Nh5 12. Nb5 Qc8 13. Bd2 Ra8 14. Bc3 Bg4 15. Qd2 a4 16. Bxg7 Nxg7 17. Nh4 Rd8 18. Qh6 f6 19. f4 Ra5 20. Nf3 Rf8 21. f5 gxf5 22. Nh4 Nd4 23. Nxd4 cxd4 24. exf5 e6 25. fxe6 Bxe6 26. Be4 Rh5 27. Bxh7+ 1-0

[Event "IND-ch U15 47th"]
[Site "New Delhi"]
[Date "2022.12.03"]
[Round "9"]
[White "Md, Bashiq Imrose"]
[Black "Arpith, S Bijoy"]
[Result "1/2-1/2"]
[WhiteElo "1724"]
[BlackElo "2019"]
[PlyCount "111"]
[EventDate "2022.11.28"]
[EventType "swiss"]
[EventRounds "11"]
[EventCountry "IND"]
[SourceTitle "CBM 211 Extra"]
[Source "ChessBase"]
[SourceDate "2023.01.31"]
[SourceVersion "1"]
[SourceVersionDate "2023.01.31"]
[SourceQuality "1"]

1. d4 d5 2. Bf4 c5 3. e3 Nc6 4. Nf3 Nf6 5. Nbd2 g6 6. c3 Bg7 7. h3 0-0 8. dxc5 Re8 9. Be2 e5 10. Bh2 d4 11. cxd4 exd4 12. exd4 Nxd4 13. Nxd4 Qxd4 14. 0-0 Bf5 15. Bf3 Qxc5 16. Rc1 Qb4 17. Nc4 Bh6 18. a3 Qf8 19. Nd6 Bxc1 20. Nxe8 Bxb2 21. Nxf6+ Bxf6 22. Bxb7 Rd8 23. Qa4 Qe7 24. Bf3 Rd3 25. Qc6 Rc3 26. Qa8+ Kg7 27. Rd1 Rd3 28. Rf1 Rxa3 29. g4 Bd3 30. Rc1 Ra1 31. Rxa1 Bxa1 32. Bg3 a6 33. Qd5 Bb5 34. h4 Qe6 35. Qd2 Be5 36. h5 Bxg3 37. h6+ Kf8 38. fxg3 Ke7 39. Kh2 Qe5 40. g5 Bd7 41. Qb4+ Qd6 42. Qe4+ Qe6 43. Qb4+ Qd6 44. Qe4+ Be6 45. Qb7+ Kd8 46. Qa8+ Bc8 47. Bg4 Qc5 48. Bxc8 Qxc8 49. Qd5+ Kc7 50. Qxf7+ Qd7 51. Qc4+ Kb6 52. Qb4+ Ka7 53. Qc5+ Kb7 54. Qb4+ Kc7 55. Qc4+ Kb6 56. Qb4+ 1/2-1/2

[Event "IND-ch U15 47th"]
[Site "New Delhi"]
[Date "2022.11.29"]
[Round "2"]
[White "Darshan Sasthaa, M."]
[Black "Arpith, S Bijoy"]
[Result "0-1"]
[WhiteElo "1509"]
[BlackElo "2019"]
[PlyCount "58"]
[EventDate "2022.11.28"]
[EventType "swiss"]
[EventRounds "11"]
[EventCountry "IND"]
[SourceTitle "CBM 211 Extra"]
[Source "ChessBase"]
[SourceDate "2023.01.31"]
[SourceVersion "1"]
[SourceVersionDate "2023.01.31"]
[SourceQuality "1"]

1. e4 c6 2. d4 d5 3. exd5 cxd5 4. c3 Nc6 5. Nf3 Nf6 6. Bf4 Bf5 7. Bd3 Bxd3 8. Qxd3 e6 9. Nbd2 Bd6 10. Bxd6 Qxd6 11. 0-0 0-0 12. Rfe1 b5 13. Ne5 Ne7 14. b3 Rac8 15. b4 a5 16. Qxb5 Rxc3 17. Qxa5 Nf5 18. Nb3 Rc2 19. b5 Ne4 20. Nd3 Nc3 21. Nb4 Rxf2 22. Kxf2 Qxh2 23. Nc2 Qg3+ 24. Kg1 Nh4 25. Ne3 Ne4 26. Nd2 Nxd2 27. Kh1 Ndf3 28. gxf3 Nxf3 29. Re2 Qh3+ 0-1

[Event "Chennai op 13th"]
[Site "Chennai"]
[Date "2022.06.23"]
[Round "7"]
[White "Nguyen, Duc Hoa"]
[Black "Arpith, S Bijoy"]
[Result "1-0"]
[WhiteElo "2398"]
[BlackElo "1848"]
[PlyCount "45"]
[EventDate "2022.06.19"]
[EventType "swiss"]
[EventRounds "10"]
[EventCountry "IND"]
[SourceTitle "CBM 209 Extra"]
[Source "ChessBase"]
[SourceDate "2022.09.30"]
[SourceVersion "1"]
[SourceVersionDate "2022.09.30"]
[SourceQuality "1"]

1. d4 d5 2. c4 e6 3. Nf3 Nf6 4. g3 c5 5. cxd5 exd5 6. Bg2 Nc6 7. 0-0 Be7 8. dxc5 Bxc5 9. a3 a5 10. Nc3 0-0 11. Bg5 Be6 12. Rc1 h6 13. Bxf6 Qxf6 14. Nxd5 Bxd5 15. Qxd5 Bb6 16. e3 Ba7 17. Qb5 Qe7 18. Nh4 Ne5 19. Rfd1 Ng4 20. Nf5 Qe5 21. Rd5 Qe6 22. Bf3 Nxe3 23. Nxe3 1-0

[Event "IND-ch U14"]
[Site "Ahmedabad"]
[Date "2022.05.12"]
[Round "8"]
[White "Arpith, S Bijoy"]
[Black "Ilamparthi, AR."]
[Result "1/2-1/2"]
[WhiteElo "1713"]
[BlackElo "2121"]
[PlyCount "87"]
[EventDate "2022.05.09"]
[EventType "swiss"]
[EventRounds "11"]
[EventCountry "IND"]
[SourceTitle "CBM 208 Extra"]
[Source "ChessBase"]
[SourceDate "2022.07.31"]
[SourceVersion "1"]
[SourceVersionDate "2022.07.31"]
[SourceQuality "1"]

1. d4 Nf6 2. c4 g6 3. g3 Bg7 4. Bg2 0-0 5. Nf3 d6 6. 0-0 Nbd7 7. b3 e5 8. Bb2 Qe7 9. e3 Re8 10. dxe5 dxe5 11. Nc3 c6 12. Nd2 Nc5 13. Nce4 Bf5 14. Nxf6+ Qxf6 15. Ba3 Na6 16. Ne4 Bxe4 17. Bxe4 Qe6 18. Qe2 f5 19. Bc2 Bf8 20. c5 Nc7 21. b4 Qe7 22. Bb3+ Kh8 23. Bb2 Bg7 24. Rad1 Rad8 25. e4 f4 26. Rxd8 Rxd8 27. Rd1 fxg3 28. hxg3 Nb5 29. Rxd8+ Qxd8 30. Qg4 Nd4 31. Bc4 Bf6 32. Kg2 Kg7 33. a3 h5 34. Qd1 h4 35. gxh4 Bxh4 36. Qg4 Qg5 37. Qxg5 Bxg5 38. Kg3 Bd2 39. Kg4 Kf6 40. f4 Be3 41. fxe5+ Kxe5 42. Bd3 Bd2 43. Kg3 g5 44. Kg4 1/2-1/2

[Event "IND-ch U16"]
[Site "New Delhi"]
[Date "2022.03.07"]
[Round "7"]
[White "Pawar, Harshit"]
[Black "Arpith, S Bijoy"]
[Result "1-0"]
[WhiteElo "1921"]
[BlackElo "1613"]
[PlyCount "79"]
[EventDate "2022.03.04"]
[EventType "swiss"]
[EventRounds "9"]
[EventCountry "IND"]
[SourceTitle "CBM 207 Extra"]
[Source "ChessBase"]
[SourceDate "2022.05.31"]
[SourceVersion "1"]
[SourceVersionDate "2022.05.31"]
[SourceQuality "1"]

1. e4 c6 2. Nf3 d5 3. Nc3 dxe4 4. Nxe4 Nf6 5. Qe2 Nxe4 6. Qxe4 Nd7 7. Bc4 Nf6 8. Ne5 e6 9. Qe2 Be7 10. c3 0-0 11. d4 c5 12. 0-0 cxd4 13. Rd1 Qc7 14. Rxd4 Bc5 15. Rh4 Bd6 16. Ng4 Nxg4 17. Qxg4 Be7 18. Bh6 Qe5 19. Rh3 Qf6 20. Bd3 e5 21. Qe4 Bf5 22. Bxg7 Kxg7 23. Qxf5 Qxf5 24. Bxf5 Rfd8 25. Rxh7+ Kg8 26. Bg6 Rd2 27. Rxf7 Bc5 28. b4 Bb6 29. a4 Rad8 30. h4 e4 31. Re1 Rf8 32. Rxf8+ Kxf8 33. Rxe4 Bxf2+ 34. Kh2 Kg7 35. h5 Kh6 36. Re7 Kg5 37. Kh3 Rd1 38. Re5+ Kh6 39. Kg4 Rh1 40. Re7 1-0